000 02088cam a2200481 a 4500
001 95394
005 20230410130656.0
008 090717s2010 nyu f 001 0 eng
010 _a 2009028330
035 _a(OCoLC)ocn426390644
040 _aDLC
_cDLC
_dJST
_dC#P
_dBWX
_dYDXCP
_dVP@
_dYBM
_dT7B
_dABG
020 _a9780805087147 (pbk. : alk. paper) :
_c$16.00
020 _a0805087141
029 1 _aAU@
_b000044493089
029 1 _aNZ1
_b13246447
035 _a(OCoLC)426390644
050 1 4 _aPN 3355
_bS446 2010
082 0 0 _a808.3
049 _aGRAL
245 0 4 _aThe secret miracle :
_bthe novelist's handbook /
_cedited by Daniel Alarcon.
260 _aNew York, N.Y. :
_bHenry Holt and Co.,
_c2010.
300 _a357 p. ;
_c21 cm.
490 0 _aA Holt paperback
500 _aIncludes index.
505 0 _aReading and influences -- Getting started -- Structure and plot -- Character and scene -- Writing -- Revision -- The end -- Appendix. Mario Bellatin's answer ; Aura Estrada's diagram of The loser.
520 _aThe world's best contemporary novelists, from Michael Chabon and Jonathan Lethem to Alaa Al Aswany and Mario Vargas Llosa, engage in a wide-ranging, insightful, and oft- surprising roundtable discussion on the art of writing fiction. Drawing back the curtain on the mysterious process of writing novels, The Secret Miracle brings together the foremost practitioners of the craft to discuss how they write.
650 0 _aFiction
_xAuthorship
_vHandbooks, manuals, etc.
650 0 _aFiction
_xTechnique
_vHandbooks, manuals, etc.
650 4 _a20160200.
650 4 _aArte de escribir.
650 4 _aOriginalidad literaria.
650 4 _aNovela
_xTécnica.
650 4 _aArte de escribir novelas.
650 4 _aPerceptiva literaria.
650 4 _aNarración (Retórica)
650 4 _aCreación literaria, artística, etc.
700 1 _aAlarcon, Daniel,
_d1977-
938 _aBlackwell Book Service
_bBBUS
_nR1841760
_c$16.00
938 _aYBP Library Services
_bYANK
_n3117408
942 _2lcc
_cbk
994 _aC0
_bDRFGD
946 _anc
999 _c78338
_d78338